000 00471nam a2200193Ia 4500
005 20250819140056.0
008 008 250516s9999 xx 000 0 hin d
020 _a9789357756686
040 _beng
_cSDCL
041 _ahin
_2hin
084 _aO152,1I00:g R4
100 _aSen, Kshitimohan
_9213189
245 0 _aKabir
246 _aकबीर
260 _aNew Delhi:
_bVani Prakashan,
_c2024.
300 _a311p.
650 _aHindi
942 _cTEXL
_2CC
999 _c1430481
_d1430481